000 00200 a2200097 4500
001 3472
100 _aWilliams, L.F.R
245 _aState of isreal, the
260 _a
_bfaber
_c
090 _c2738
_d2738
942 _aNUST-CAE
_cM
_c19313
999 _c238545
_d238545